Digital system design with vhdl (Record no. 570302)

000 -LEADER
fixed length control field 00498nam a22001937a 4500
003 - CONTROL NUMBER IDENTIFIER
control field CEME
005 - DATE AND TIME OF LATEST TRANSACTION
control field 20210628202602.0
008 - FIXED-LENGTH DATA ELEMENTS--GENERAL INFORMATION
fixed length control field 210122b xxu||||| |||| 00| 0 eng d
020 ## - INTERNATIONAL STANDARD BOOK NUMBER
International Standard Book Number 81-297-0650-4
040 ## - CATALOGING SOURCE
Transcribing agency .
082 ## - DEWEY DECIMAL CLASSIFICATION NUMBER
Classification number 621.392 ZWO
100 ## - MAIN ENTRY--PERSONAL NAME
Personal name Zwolinski, Mark
9 (RLIN) 60613
245 ## - TITLE STATEMENT
Title Digital system design with vhdl
250 ## - EDITION STATEMENT
Edition statement 2ND
260 ## - PUBLICATION, DISTRIBUTION, ETC.
Place of publication, distribution, etc. NEW DELHI
Name of publisher, distributor, etc. PEARSON EDUCATION ASIA
Date of publication, distribution, etc. 2004
300 ## - PHYSICAL DESCRIPTION
Extent XIII,368 P
650 ## - SUBJECT ADDED ENTRY--TOPICAL TERM
Topical term or geographic name entry element DIGITAL SYSTEM DESIGN - VHDL
9 (RLIN) 60614
942 ## - ADDED ENTRY ELEMENTS (KOHA)
Koha item type Book
Source of classification or shelving scheme
Holdings
Withdrawn status Lost status Damaged status Not for loan Permanent Location Current Location Shelving location Date acquired Total Checkouts Full call number Barcode Date last seen Price effective from Koha item type
        College of Electrical & Mechanical Engineering (CEME) College of Electrical & Mechanical Engineering (CEME) General Stacks 07/19/2017   621.392 ZWO CEME-41581 06/28/2021 06/28/2021 Book
© 2023 Central Library, National University of Sciences and Technology. All Rights Reserved.